000 00816nam a2200265 i 4500
001 bg
100 1 _aCzermiński, Alfred
_d(1923- ).
245 1 0 _aOrganizacja procesów decyzyjnych /
_cAlfred Czermiński, Mirosław Czapiewski.
260 _aGdańsk :
_bWydawnictwo Uniwersytetu Gdańskiego,
_c1995.
300 _a131, [1] s. :
_brys., wykr. ;
_c24 cm.
504 _aBibliogr. s. 130-[132].
650 9 _aDecyzje
_xteoria
650 9 _aOrganizacja
_xteoria
650 9 _aSystemy informatyczne
_xstosowanie
655 _aPodręczniki akademickie
700 1 _aCZAPIEWSKI, Mirosław
700 1 _aCZAPIEWSKI, Mirosław.
020 _a8370176038
040 _cBPK
041 0 _apl
080 _a65.011:004](075.8)
920 _a83-7017-603-8
942 _cKS
008 s pl f |000 0 pol
999 _c33296
_d33296
856 _uhttp://koha.tu.koszalin.pl/cgi-bin/koha/opac-detail.pl?biblionumber=33296
_yKatalog online BPK